Az irodalmi tény pragmatikai értelmezése

Elmentve itt :
Bibliográfiai részletek
Szerző: TOMA Radu
Adatforrás:Meister
Forrásdokumentuma:Korunk. -
8 sz., 1992, 75-78 p.
Nyelv:magyar
Kulcsszavak:irodalomelmélet
esztétika
felvilágosodás (irodalma)
irodalmi tény
felvilágosodás
irodalom
tény
LEADER 00507nab a2200193 i 4500
001 bibPRO00002228
008 060524s1992 xx hun
040 |a Sz1 
041 |a hun 
100 1 |a TOMA Radu 
245 1 3 |a Az irodalmi tény pragmatikai értelmezése  |c TOMA Radu 
695 |a irodalomelmélet 
695 |a esztétika 
695 |a felvilágosodás (irodalma) 
695 |a irodalmi tény 
695 |a felvilágosodás 
695 |a irodalom 
695 |a tény 
773 0 |t Korunk. -  |g 8 sz., 1992, 75-78 p.